[Event "FRA-ch Veterans"]
[Site "Pau"]
[Date "2008.08.12"]
[Round "1"]
[White "Meinsohn, Francis"]
[Black "Carlucci, Jean"]
[Result "1-0"]
[WhiteElo "2251"]
[BlackElo "1793"]
[PlyCount "53"]
[EventDate "2008.08.11"]
[EventType "swiss"]
[EventRounds "9"]
[EventCountry "FRA"]
[SourceTitle "CBM 126 Extra"]
[Source "ChessBase"]
[SourceDate "2008.11.05"]
[SourceVersion "1"]
[SourceVersionDate "2008.11.05"]
[SourceQuality "1"]

1. d4 Nf6 2. c4 e6 3. Nf3 d5 4. Nc3 a6 5. cxd5 exd5 6. Bg5 Be7 7. e3 h6 8. Bh4 Bf5 9. Bxf6 Bxf6 10. Qb3 Be4 11. Qxb7 Nd7 12. Nxe4 dxe4 13. Qxe4+ Be7 14. Bd3 Nf6 15. Qc6+ Nd7 16. Ne5 Rb8 17. Bf5 0-0 18. Nxd7 Bb4+ 19. Ke2 Qg5 20. g4 Rfd8 21. Nxb8 Rxb8 22. Qxc7 Rd8 23. Rac1 g6 24. h4 Qf6 25. g5 hxg5 26. hxg5 Qxg5 27. Rcg1 1-0

[Event "Saint Affrique op 15th"]
[Site "Saint Affrique"]
[Date "2007.??.??"]
[Round "7"]
[White "Carlucci, Jean"]
[Black "Domenech, Vianney"]
[Result "1-0"]
[WhiteElo "1600"]
[BlackElo "1864"]
[PlyCount "49"]
[EventDate "2007.07.21"]
[EventType "swiss"]
[EventRounds "9"]
[EventCountry "FRA"]
[SourceTitle "CBM 119 Extra"]
[Source "ChessBase"]
[SourceDate "2007.09.04"]
[SourceVersion "1"]
[SourceVersionDate "2007.09.04"]
[SourceQuality "1"]

1. e4 c5 2. Nf3 Nc6 3. d4 cxd4 4. Nxd4 Nf6 5. Nc3 e5 6. Ndb5 d6 7. Bg5 a6 8. Na3 b5 9. Nd5 Be7 10. Nxe7 Qxe7 11. c3 0-0 12. Bd3 Bb7 13. 0-0 b4 14. Nc2 bxc3 15. bxc3 Qe6 16. Ne3 Nd7 17. Rb1 Nc5 18. Bc4 Qg6 19. Bh4 Qxe4 20. Qxd6 Qxh4 21. Qxc5 Rab8 22. Rxb7 Rxb7 23. Qxc6 Rb2 24. Qa4 Rd8 25. Bxf7+ 1-0